Megan Fox Filmography - Statistics

General Stats
  • This quiz has been taken 101 times
    13 since last reset
  • The average score is 6 of 76
Answer Stats
Type Year Name % Correct
Film 2007 Transformers
100%
Video Game 2007 Transformers: The Game
100%
Film 2009 Jennifer's Body
80%
Film 2014 Teenage Mutant Ninja Turtles
80%
TV Show 2009 Saturday Night Live
40%
Film 2009 Transformers: Revenge of the Fallen
40%
Video Game 2009 Transformers: Revenge of the Fallen
40%
Video Game 2023 Mortal Kombat 1
20%
Film 2016 Teenage Mutant Ninja Turtles: Out of the Shadows
20%
Film 2023 The Expendables 4
20%
TV Show 2004 Two and a Half Men
20%
Film 2019 Above the Shadows
0%
Documentary Series 2019 Ancient Aliens
0%
Film 2003 Bad Boys II
0%
Film 2022 Big Gold Brick
0%
Documentary Series 2010 Biography
0%
Music Video 2020 Bloody Valentine
0%
TV Show 2016 Celebrity Style Story
0%
TV Show 2014 Circus Halligalli
0%
Film 2004 Confessions of a Teenage Drama Queen
0%
TV Film 2004 Crimes of Fashion
0%
TV Show 2023 Dave
0%
Commercial 2012 Doritos Turkey
0%
Music Video 2020 Drunk Face
0%
Documentary Series 2020 Eli Roth's History of Horror
0%
Film 2025 Five Nights at Freddy's 2
0%
Film 2011 Friends with Kids
0%
Commercial 2010 Giorgio Armani Beauty: Eyes to Kill Excess
0%
Film 2022 Good Mourning
0%
Film 2001 Holiday in the Sun
0%
TV Show 2018 Hollywood Medium
0%
TV Show 2004-2006 Hope & Faith
0%
Film 2008 How to Lose Friends & Alienate People
0%
Film 2023 Johnny & Clyde
0%
Film 2010 Jonah Hex
0%
Documentary Mini-Series 2018 Legends of the Lost with Megan Fox
0%
Music Video 2024 Lonely Road
0%
Music Video 2010 Love the Way You Lie
0%
Concert Film 2023 Machine Gun Kelly: Mainstream Sellout Live from Cleveland - The Pink Era
0%
Documentary 2022 Machine Gun Kelly's Life in Pink
0%
Commercial 2021 Michelob ULTRA
0%
Film 2021 Midnight in the Switchgrass
0%
Video Game 2024 Mortal Kombat 1: Definitive Edition
0%
Video Game 2024 Mortal Kombat 1 Khaos Reigns
0%
Documentary 2011 Na Nai'a: Legend of the Dolphins
0%
TV Show 2016-2017 New Girl
0%
Music Video 2009 New Perspective
0%
TV Pilot 2004 News to Me
0%
Film 2021 Night Teeth
0%
TV Show 2002-2003 Ocean Ave.
0%
Theater 2004 Oedipus at Colonus
0%
Web Series 2025 Overcompensating
0%
Film 2010 Passion Play
0%
Theater 2003 Pygmalion
0%
TV Show 2011 Robot Chicken
0%
TV Short 2012 Robot Chicken DC Comics Special
0%
Film 2020 Rogue
0%
TV Show 2009 Saturday Night Live: Weekend Update Summer Edition
0%
Commercial 2017 Shine by Lotus Watches
0%
Film 2024 Subservience
0%
Film 2022 Taurus
0%
Film 2019 The Battle of Jangsari
0%
TV Show 2010 The Buried Life
0%
Film 2012 The Dictator
0%
TV Show 2017 The Gong Show
0%
TV Show 2004 The Help
0%
Web Series 2022, 2023 The Kardashians
0%
Short Film 2010 The Tip
0%
Film 2020 Think Like a Dog
0%
Film 2012 This Is 40
0%
Film 2021 Till Death
0%
TV Show 2014 Wanna Bet?
0%
TV Show 2012 Wedding Band
0%
TV Show 2003 What I Like About You
0%
Film 2008 Whore
0%
Film 2019 Zeroville
0%
No matching quizzes found
Score Distribution
Percent of People with Each Score
Percentile by Number Answered
Your Score History
You have not taken this quiz since the last reset